[Event "IECC CL3-2005.12 email"]
[Site "IECC email"]
[Date "2006.01.03"]
[Round "?"]
[White "Goho, Shaun"]
[Black "Koolsbergen, Nico"]
[Result "1/2-1/2"]
[WhiteElo "1797"]
[BlackElo "1919"]
[PlyCount "116"]
[EventDate "2005.??.??"]
[EventType "tourn (corr)"]
[EventRounds "4"]
[SourceTitle "Corr 2015"]
[Source "ChessBase"]
[SourceDate "2015.07.17"]
[SourceVersion "1"]
[SourceVersionDate "2015.07.17"]
[SourceQuality "1"]

1. d4 Nf6 2. c4 g6 3. Nc3 Bg7 4. e4 d6 5. Be2 0-0 6. Nf3 e5 7. d5 Nh5 8. g3 c6 9. Be3 f5 10. exf5 Bxf5 11. Nh4 Nf4 12. Nxf5 Nxe2 13. Nxg7 Nxc3 14. bxc3 Kxg7 15. h4 Qa5 16. Qd2 Kh8 17. h5 gxh5 18. Rb1 Qc7 19. Rxh5 Nd7 20. Kf1 Rf7 21. Kg2 Nf6 22. Rh4 Qd7 23. Rb2 cxd5 24. cxd5 Qf5 25. Rhb4 b6 26. a4 Ng4 27. Qe2 Rg8 28. Rb1 a5 29. R4b2 Qe4+ 30. Kg1 Rf3 31. Bxb6 Nxf2 32. Bxf2 Rfxg3+ 33. Bxg3 Rxg3+ 34. Kf1 Qh1+ 35. Kf2 Rg2+ 36. Ke3 Rxe2+ 37. Kxe2 Qe4+ 38. Kf2 Qxa4 39. Rb8+ Kg7 40. R8b7+ Kf6 41. Rf1 Qe4 42. Kg3+ Kg6 43. Rbf7 h5 44. R1f6+ Kg5 45. Rxd6 h4+ 46. Kh2 Qc2+ 47. Kg1 Qxc3 48. Rd8 Kg4 49. Rdf8 e4 50. Rf2 Qa1+ 51. Kg2 Qe5 52. Rg8+ Kh5 53. Rgf8 Kg6 54. Rg8+ Kh6 55. Rg4 Qxd5 56. Kh3 Qe6 57. Kxh4 e3 58. Re2 Qe5 1/2-1/2